LEADER 01200nam0-22004091i-450- 001 990005531630203316 005 20050714120000.0 035 $a000553163 035 $aUSA01000553163 035 $a(ALEPH)000553163USA01 035 $a000553163 100 $a20050714d1973-------|0frac50------ba 101 $afre 102 $aFR 105 $a|||| ||||| 200 1 $a<> commerce extérieur$fpar Alain Bavelier 205 $a2. ed 210 $aParis$cPresses universitaires de France$d1973 215 $a128 p.$d18 cm. 225 2$aQue sais-je?$v1323 410 1$12001$aQue sais-je?$v1323 606 $aCommercio estero$xSec. 20.$2FI 620 $dParis 676 $a382.0944$cCommercio estero - francia$v21 700 1$aBAVELIER,$bAlain$0614319 801 $aIT$bSOL$c20120104 912 $a990005531630203316 950 $aDIP.TO SCIENZE ECONOMICHE - (SA)$dDS 300 382.0944 BAV$e1521 DISES 951 $a300 382.0944 BAV$b1521 DISES 959 $aBK 969 $aDISES 979 $c20121027$lUSA01$h1532 979 $c20121027$lUSA01$h1613 979 $aPATRY$b90$c20130305$lUSA01$h1609 996 $aCommerce extérieur$936325 997 $aUNISA NUM $aUSA15176 LEADER 02303nam2 22005173i 450 001 VAN0267629 005 20240117034359.632 017 70$2N$a9781468433098 100 $a20231123d1971 |0itac50 ba 101 $aeng 102 $aUS 105 $a|||| ||||| 200 1 $aˆVol. 11: ‰Probability Theory, Mathematical Statistics, and Theoretical Cybernetics$fedited by R. V. Gamkrelidze 210 $aNew York$cPlenum$d1971 215 $aviii, 124 p.$d24 cm 461 1$1001VAN0267579$12001 $aProgress in mathematics$fedited by R. V. Gamkrelidze$1210 $aNew York$cPlenum$d1968-1972$1215 $a13 volumi$d24 cm$v11 606 $a60K25$xQueueing theory (aspects of probability theory) [MSC 2020]$3VANC019944$2MF 606 $a90C15$xStochastic programming [MSC 2020]$3VANC021355$2MF 606 $a00Bxx$xConference proceedings and collections of articles [MSC 2020]$3VANC021742$2MF 610 $aAlgorithms$9KW:K 610 $aComplex Systems$9KW:K 610 $aGeometry$9KW:K 610 $aLinear optimization$9KW:K 610 $aMathematics$9KW:K 610 $aModeling$9KW:K 610 $aNonlinear optimization$9KW:K 610 $aOperations Research$9KW:K 610 $aProgramming$9KW:K 610 $aQueueing Theory$9KW:K 610 $aReview$9KW:K 610 $aStability$9KW:K 610 $aStatistics$9KW:K 620 $aUS$dNew York$3VANL000011 702 1$aGamkrelidze$bRevaz V.$3VANV024644 712 $aPlenum $3VANV108321$4650 790 1$aGamkrelidze, Revaz Valerianovic$zGamkrelidze, Revaz V.$3VANV062309 790 1$aGamkrelidze, R. V.$zGamkrelidze, Revaz V.$3VANV062310 790 1$aGamkrelidze, R.V.$zGamkrelidze, Revaz V.$3VANV062311 801 $aIT$bSOL$c20240119$gRICA 856 4 $uhttps://doi.org/10.1007/978-1-4684-3309-8$zE-book ? Accesso al full-text attraverso riconoscimento IP di Ateneo, proxy e/o Shibboleth 899 $aBIBLIOTECA DEL DIPARTIMENTO DI MATEMATICA E FISICA$1IT-CE0120$2VAN08 912 $fN 912 $aVAN0267629 950 $aBIBLIOTECA DEL DIPARTIMENTO DI MATEMATICA E FISICA$d08CONS e-book 7291 $e08eMF7291 20231127 996 $aProbability Theory, Mathematical Statistics, and Theoretical Cybernetics$9342743 997 $aUNICAMPANIA